000 00668nam a2200181Ia 4500
008 100921s9999 xx 000 0 und d
082 _b36334
_a891.433 थ 73
100 _aसिंह बलवंत.
245 _aसुनहरे बालोवाली.
260 _bहिंद पॉकेट बुक्स,दिल्ली.
_c1973
300 _a132
_b---
365 _b2
520 _aललित -हिंदी-कथा,कादं.
630 _aसुनहरे बालोवाली.
650 _aललित -हिंदी-कथा,कादं.
730 _aसुनहरे बालोवाली.
942 _cBOOK
999 _c785447
_d785444